Home Alone Quiz - Statistics

General Stats
  • This quiz has been taken 879 times
  • The average score is 5 of 8
Answer Stats
Question Answer % Correct
What does Kevin shoplift at the grocery store? Toothbrush
89%
Where do the McCallister's visit when they forget Kevin? Paris
84%
What does the pizza boy hit when he pulls into the house? Statue
84%
Harry and Marv are collectively known as? The Wet Bandits
81%
Which member of the McCallister's is a bed-wetter? Fuller
71%
What does Peter McCallister discover after he returns home? Gold tooth
51%
Where does Harry get shot with a BB gun? Crotch
38%
Where is Gus Polinski's final stop on the moving van? Milwaukee
27%
No matching quizzes found
Score Distribution
Percent of People with Each Score
Percentile by Number Answered
Your Score History
You have not taken this quiz